BTS questions - Statistics

General Stats
  • This quiz has been taken 98 times
  • The average score is 12 of 15
Answer Stats
Hint Answer % Correct
How many members are in BTS 7
99%
Which member spent their teen years in Australia as an exchange student Jin
99%
Which member is the visual of the group and is also known as “Worldwide Handsome" Jin
99%
Which of the following members is the leader of the group RM
99%
how many members are the rappers of the group 3
97%
Which member is the maknae (youngest) of the group Jungkook
97%
What does RM stand for Rap Monster
95%
Which members are the rappers of the group RM, J-Hope, and Suga
93%
What American TV show did RM watch to learn how to speak English fluently Friends
91%
Which K-Pop entertainment is BTS signed under Bighit
89%
What is V’s real name Kim Taehyung
88%
What does BTS stand for Bangtan Sonyeondan
81%
During which month and year did BTS debut June 2013
76%
What is their highest selling album of all time Map of the Soul: 7
36%
What was the name of their first variety show Rookie King: Channel Bangtan
3%
No matching quizzes found
Score Distribution
Percent of People with Each Score
Percentile by Number Answered
Your Score History
You have not taken this quiz